15 temmuz anayasası : (Record no. 13198)
[ view plain ]
| 000 -BAŞLIK | |
|---|---|
| Sabit Uzunlukta Kontrol Alanı | 00694nam a2200229 4500 |
| 999 ## - SİSTEM KONTROL NUMARALARI (KOHA) | |
| Koha Biblionumber | 13198 |
| Koha Biblioitemnumber | 13198 |
| 003 - KONTROL NUMARASI IDENTIFIER | |
| Denetim Alanı | MIRAKIL |
| 005 - SON İŞLEM TARİHİ VE ZAMANI | |
| Denetim Alanı | 20190425160906.0 |
| 008 - SABİT-BOY VERİ ELEMANLARI - GENEL BİLGİLER | |
| Sabit Uzunlukta Kontrol Alanı | 190425b tu ||||| |||| 00| 0 tur d |
| 020 ## - ULUSLARARASI STANDART KİTAP NUMARASI | |
| Uluslararası Standart Kitap Numarası | 9789944612074 |
| 040 ## - KATALOGLAMA KAYNAK | |
| Orijinal Kataloglama Ajansı | TR-AnCHP |
| Metne Dönüştürmek Ajansı | TR-AnCHP |
| 041 ## - DİL KODU | |
| Metin / Ses Parça Veya Ayrı Başlığın Dil Kodu | tur |
| 082 ## - DEWEY ONLU SINIFLANDIRMA NUMARASI | |
| Sınıflandırma Numarası | 342.56103 |
| Ürün Numarası | K21o 2017 |
| 100 1# - ANA GİRİŞ - KİŞİSEL İSİM | |
| Kişisel Ad | Kaboğlu, İbrahim Ö. |
| 245 10 - BAŞLIK TABLOSU | |
| Başlık | 15 temmuz anayasası : |
| Başlığın Kalan | Nedenleri, süreci ve olası sonuçları / |
| Sorumluluk Tablosu, Vb | İbrahim Ö. Kaboğlu. |
| 260 ## - YAYIN, DAĞITIM, VB | |
| Yayın, Dağıtım, Vb Yeri | İstanbul : |
| Yayıncı, Dağıtıcı, Vs Adı | Tekin yayınevi , |
| Yayın, Dağıtım, Vb Tarihi | 2017. |
| 300 ## - FİZİKSEL TANIM | |
| Kapsam | 285 s. : |
| Boyutlar | 21 sm. |
| 490 0# - SERİSİ TABLOSU | |
| Seri Beyanı | Tekin yayınevi ; |
| Hacim / Ardışık Tanımı | 662. |
| 500 ## - GENEL NOT | |
| Genel Not | Yapıt yazarından imzalıdır. |
| 504 ## - KAYNAKÇA VB NOT | |
| Kaynakça Vb Notu | Dizin vardır. |
| 650 #0 - KONU KATMA GİRİŞ - TOPİKAL DÖNEM | |
| 9 (RLIN) | 65 |
| Topikal Süreli Veya Coğrafi Ad Giriş Elemanı | Anayasa |
| Genel Alt Bölümü | Türkiye |
| 942 ## - EKLENDİ GİRİŞ ELEMANLARI (KOHA) | |
| Sınıflandırma Veya Raf Düzeni Kaynak | Dewey Decimal Classification |
| Koha Öğesi Türü | Books |
| Kalıcı Konum | Mevcut Konum | Edinme Tarihi | Toplam Check-Out'Lar | Tam Çağrı Numarası | Barkod | Tarih Son Görülme | İtibaren Geçerli Fiyatlar | Koha Öğesi Türü |
|---|---|---|---|---|---|---|---|---|
| CHP Kütüphanesi | CHP Kütüphanesi | 04/25/2019 | 342.56103 K21o 2017 | 008516 | 04/25/2019 | 04/25/2019 | Books |
